Anuario de didáctica de la geografía, la historia y las ciencias sociales
Saved in:
| Corporate Author: | |
|---|---|
| Format: | Book |
| Language: | Spanish |
| Published: |
Madrid, España
Akal
1997
|
| Series: | Con-ciencia Social,
1 |
| Subjects: | |
| Tags: |
Add Tag
No Tags, Be the first to tag this record!
|
MARC
| LEADER | 00000nam a2200000 a 4500 | ||
|---|---|---|---|
| 001 | UCN2516 | ||
| 003 | CL-VaPUC | ||
| 005 | 20210911074633.0 | ||
| 008 | 010530e19970000SP |||||||||||||||||spa|d | ||
| 999 | |c 295612 |d 295610 | ||
| 040 | |c Pontificia Universidad Católica de Valparaíso | ||
| 082 | 0 | 4 | |a 372.89 FED 1997 |2 21 |
| 110 | 2 | |a Federación Icaria |e author |9 458526 | |
| 245 | 1 | 0 | |a Anuario de didáctica de la geografía, la historia y las ciencias sociales |
| 260 | |a Madrid, España |b Akal |c 1997 | ||
| 300 | |a 303 páginas | ||
| 490 | 0 | |a Con-ciencia Social, |v 1 | |
| 583 | |a last modification |c 20010530 00:00:00 |k Rodrigo Vera | ||
| 650 | 0 | |a Enseñanza de la historia |z ESPAÑA |z GRAN BRETAÑA |9 307330 | |
| 650 | 0 | |a Enseñanza de las ciencias sociales |z ESPAÑA |z GRAN BRETAÑA |9 337823 | |
| 852 | |a BIBCUR | ||
| 942 | |c BK |2 ddc | ||
| 945 | |d 20010530 00:00:00 |a vberengu | ||
| 952 | |0 0 |1 0 |2 ddc |4 0 |6 372_890000000000000_FED_1997 |7 0 |8 A |9 348888 |a BIBHIS |b BIBHIS |d 2019-11-20 |i 3675661 |o 372.89 FED 1997 |p 3675661 |r 2025-01-20 |t 1 |w 2019-11-20 |y BK |k HIS | ||